Projective and Euclidean geometry /

Guardado en:
Autor Principal: Fishback, W. T.
Formato: Libro
Idioma:English
Publicado: New York : John Wiley, c1962.
Etiquetas: Agregar Etiqueta
Sin Etiquetas, Sea el primero en etiquetar este registro!
LEADER 00483nam a22001575a 4500
001 MAT.inmabb001087
008 031120s1962####nyu###########000#0#eng#d
005 20150630191456.0
245 1 0 |a Projective and Euclidean geometry /  |c W. T. Fishback. 
260 |a New York :  |b John Wiley,  |c c1962. 
300 |a ix, 244 p. ;  |c 24 cm. 
510 4 |a MR,  |c 28 #2471 
100 1 |a Fishback, W. T.  |q (William Thompson) 
084 |a 51-01  |2 msc2000 
010 |a  62020162  
859 |h 51  |i F532  |p A-1061  |b BIB. MATEMATICA